| Tag |
First Indicator |
Second Indicator |
Subfields |
| LEADER |
00000cam a2200000Ia 4500 |
| 001 |
in00002785973 |
| 006 |
m o d |
| 007 |
cr cn||||||||| |
| 008 |
120209s2012 caua ob 001 0 eng d |
| 005 |
20250816210125.7 |
| 010 |
|
|
|z 2012005965
|
| 020 |
|
|
|z 9780804782753 (cloth : alk. paper)
|
| 020 |
|
|
|z 9780804786157
|
| 035 |
|
|
|a (CaPaEBR)ebr10608375
|
| 040 |
|
|
|a CaPaEBR
|c CaPaEBR
|d UtOrBLW
|
| 050 |
1 |
4 |
|a JZ5830
|b .K46 2012eb
|
| 082 |
0 |
4 |
|a 327.1/745
|2 23
|
| 100 |
1 |
|
|a Kelle, Alexander.
|
| 245 |
1 |
0 |
|a Preventing a biochemical arms race /
|c Alexander Kelle, Kathryn Nixdorff, and Malcolm Dando.
|
| 264 |
|
1 |
|a Stanford, California :
|b Stanford Security Studies, an imprint of Stanford University Press,
|c 2012.
|
| 300 |
|
|
|a 1 online resource (viii, 247 pages) :
|b illustrations
|
| 336 |
|
|
|a text
|b txt
|2 rdacontent
|
| 337 |
|
|
|a computer
|b c
|2 rdamedia
|
| 338 |
|
|
|a online resource
|b cr
|2 rdacarrier
|
| 504 |
|
|
|a Includes bibliographical references and index.
|
| 500 |
|
|
|a Electronic resource.
|
| 650 |
|
0 |
|a Chemical arms control.
|
| 650 |
|
0 |
|a Biological arms control.
|
| 655 |
|
7 |
|a Electronic books.
|2 local
|
| 700 |
1 |
|
|a Nixdorff, Kathryn.
|
| 700 |
1 |
|
|a Dando, Malcolm.
|
| 710 |
2 |
|
|a ebrary, Inc.
|
| 856 |
4 |
0 |
|u https://ebookcentral.proquest.com/lib/tamucs/detail.action?docID=1032414
|y Connect to the full text of this electronic book
|t 0
|
| 980 |
|
|
|a 121106
|b 40
|c USD
|e 60
|f YBP_EBR0000046136
|g 1
|
| 999 |
f |
f |
|s b66e4bcd-fd30-3096-a045-946808aab848
|i 0a39bbcb-ad34-39d9-92af-141a931edc93
|t 0
|
| 999 |
|
|
|a MARS
|
| 952 |
f |
f |
|a Texas A&M University
|b College Station
|c Electronic Resources
|d Available Online
|t 0
|e JZ5830 .K46 2012eb
|h Library of Congress classification
|
| 998 |
f |
f |
|a JZ5830 .K46 2012eb
|t 0
|l Available Online
|